00482nam a2200193 a 4500001001300000003000900013005001700022008004100039020002500080082001600105100002000121245002600141260003000167300000900197500003500206505001000241650001700251700002000268nice12345678IN_TiNIC20260116014053.0050524s1994 newa grp 000 0 eng  a1565845 c319.700a303.66bCRA aCranna, Michael aTrue Cost of Conflict aNew YorkbNew Pressc1994 a208p aincludes index and biblioraphy2 aIndex aPeace-Making1 aCranna, Michael